| 000 | 00697nam a2200217 u 4500 | ||
|---|---|---|---|
| 005 | 20240912063838.0 | ||
| 008 | 111104s2005 ag r 000 0 spa d | ||
| 020 | _a9870402151 (10 dígitos) | ||
| 020 | _a9789870402152 (13 dígitos) | ||
| 035 | _aUPN01000182407 | ||
| 049 | _aI | ||
| 050 | 4 |
_aPQ7797 G3.5 _bC3.2 |
|
| 100 | 1 |
_aGambaro, Griselda, _d1928- _932017 |
|
| 245 | 1 | 3 |
_aEl caballo que no sabía relinchar / _cGriselda Gambaro ; il. Nancy Fiorini. |
| 260 |
_aBuenos Aires : _bAlfaguara, _cc2005. |
||
| 300 |
_a39 p. : _bil. col. |
||
| 440 | 0 | _aAlfaguara infantil | |
| 650 | 4 |
_aCuentos infantiles argentinos _97466 |
|
| 650 | 4 |
_aCaballos _vCuentos y leyendas _95246 |
|
| 905 | _aInfantil | ||
| 999 |
_c154510 _d154510 |
||